Sports Quiz

Random Sports or World Quiz

Mexico National Teams in World Cup (94-14) Quiz Stats

 Plays Quiz not verified by Sporcle

Score 0/142 Timer 12:00
0 Plays Today
World Cup Player % Correct
2014Rafael Márquez
90.5%
2014Javier Hernández
89.9%
2010Javier Hernández
89.7%
1994Jorge Campos
89.4%
1998Jorge Campos
89.4%
2002Jorge Campos
89.4%
2002Rafael Márquez
88.8%
2006Rafael Márquez
88.8%
2010Rafael Márquez
88.8%
1994Hugo Sánchez
88.2%
1998Cuauhtémoc Blanco
87.4%
2002Cuauhtémoc Blanco
87.4%
2010Cuauhtémoc Blanco
87.4%
2014Guillermo Ochoa
87.3%
1998Oswaldo Sánchez
86.8%
2002Oswaldo Sánchez
86.8%
2006Oswaldo Sánchez
86.8%
2006Guillermo Ochoa
86.8%
1998Óscar Pérez
85.3%
2002Óscar Pérez
85.3%
2010Óscar Pérez
85.3%
1998Luis Hernández
84.9%
2002Luis Hernández
84.9%
2010Guillermo Ochoa
83.7%
1994Luis García
83.5%
1998Luis García
83.5%
2014Giovani dos Santos
82.2%
2010Giovani dos Santos
81.5%
2014José de Jesús Corona
81.3%
2014Miguel Herrera
81.3%
1998Joel Sánchez
76.2%
2006Francisco Javier Rodríguez
75.9%
2010Francisco Javier Rodríguez
75.9%
2006José de Jesús Corona
75.3%
2014Héctor Herrera
75.1%
2014Francisco Javier Rodríguez
74.2%
1994Claudio Suárez
73.4%
1998Claudio Suárez
73.4%
2006Claudio Suárez
73.4%
2014Andrés Guardado
72.3%
2002Rafael García
70.7%
2006Rafael García
70.7%
2006Andrés Guardado
69.4%
2010Andrés Guardado
69.4%
2010Carlos Vela
68.8%
2006Luis Ernesto Pérez
67.6%
2006Carlos Salcido
67.3%
2010Carlos Salcido
67.3%
World Cup Player % Correct
1994Ramón Ramírez
66.4%
1998Ramón Ramírez
66.4%
2014Alfredo Talavera
65.8%
2002Javier Aguirre
64.8%
2010Javier Aguirre
64.8%
2014Carlos Salcido
64.5%
2014Migel Layún
63.4%
2014Oribe Peralta
63.4%
1994Alberto García Aspe
62.8%
1998Alberto García Aspe
62.8%
2002Alberto García Aspe
62.8%
2010Héctor Moreno
61.7%
2002Gerardo Torrado
61.4%
2006Gerardo Torrado
61.4%
2010Gerardo Torrado
61.4%
2014Héctor Moreno
60.2%
1994Jorge Rodríguez
59.6%
2002Johan Rodríguez
59.5%
2006Guillermo Franco
59.5%
2006Ricardo Lavolpe
59.5%
2010Guillermo Franco
59.5%
2002Alberto Rodríguez
59%
1994Luis Roberto Alves Zague
56.7%
2014Raúl Jiménez
56.6%
1998Ricardo Peláez
56.1%
2010Paul Aguilar
54.8%
2014Paul Aguilar
54%
1998Pável Pardo
53.9%
2006Pável Pardo
53.9%
2014Carlos Peña
53.8%
1994Carlos Hermosillo
53.7%
2006Omar Bravo
53.6%
1994Marcelino Bernal
53%
1998Marcelino Bernal
53%
1998Jesús Arellano
53%
2002Jesús Arellano
53%
2006Jesús Arellano
53%
2006Ricardo Osorio
52.8%
2010Ricardo Osorio
52.8%
1994Ignacio Ambríz
51.6%
2002Jared Borgetti
51.4%
2006Jared Borgetti
51.4%
1998Manuel Lapuente
50.1%
1998Germán Villa
48.4%
2002Germán Villa
48.4%
1994Miguel Mejía Barón
47.2%
1994Benjamín Galindo
46.3%
1998Francisco Palencia
46.3%
World Cup Player % Correct
2002Francisco Palencia
46.3%
2014Javier Aquino
46.2%
2002Ramón Morales
46%
2006Ramón Morales
46%
2010Adolfo Bautista
45.5%
2014Diego Reyes
45.4%
2014Marco Fabián
45.4%
1994Juan de Dios Ramírez Perales
42.5%
2010Pablo Barrera
41.8%
1998Raúl Rodrigo Lara
41.3%
2006Francisco Fonseca
41.3%
2006Antonio Naelson Sinha
40.4%
1998Duilio Davino
39.6%
1994Raúl Gutiérrez
38.7%
2010Efraín Juárez
38.4%
1994Adrián Chávez
38.1%
2002Gabriel Caballero
36.9%
1994Joaquín del Olmo
35.7%
1994Luis Antonio Valdéz
35.4%
2010Israel Castro
35.1%
1994Juan Carlos Chávez
34.9%
2006José Antonio Castro
34.9%
1994Félix Fernández
34.5%
1998Salvador Carmona
34%
2002Salvador Carmona
34%
2010Luis Ernesto Michel
34%
2010Alberto Medina
33.3%
1998Braulio Luna
32.7%
2002Braulio Luna
32.7%
2014Alan Pulido
32.3%
2014José Juan Vázquez
32.3%
2010Jorge Torres Nilo
32.2%
1994Luis Miguel Salvador
30.7%
2002Manuel Vidrio
30%
2014Isaác Brizuela
29.7%
2002Francisco Gabriel de Anda
26.3%
2006Gonzalo Pineda
25.6%
2002Melvin Brown
25.4%
2014Miguel Ángel Ponce
24.1%
2002Sigifredo Mercado
23%
1994Missael Espinoza
22.8%
1998Isaac Terrazas
21.9%
2010Jonny Magallón
20.3%
2006Mario Méndez
19.1%
1994José Luis Salgado
18%
1998Jaime Ordiales
17.2%

You're not logged in!

Compare scores with friends on all Sporcle quizzes.
OR
Log In

Show Comments

Extras

Top Quizzes Today


Score Distribution

Your Account Isn't Verified!

In order to create a playlist on Sporcle, you need to verify the email address you used during registration. Go to your Sporcle Settings to finish the process.

Report this User

Report this user for behavior that violates our Community Guidelines.

Details: